Loading...
| History - American | 0 | 5 | 0 | 0 | 50 | 81 | 97.20 | 2 | 5 | 10.58 | 40.00 |
| History - European | 0 | 4 | 0 | 3 | 40 | 126 | 130.25 | 0 | 4 | -0.08 | 16.67 |
| Religion | 0 | 3 | 0 | 1 | 30 | 114 | 125.00 | 1 | 3 | 2.51 | 13.33 |
| Philosophy | 0 | 2 | 0 | 1 | 20 | 135 | 136.00 | 0 | 2 | 0.00 | 6.67 |
| History - World | 0 | 2 | 0 | 0 | 20 | 123 | 130.00 | 0 | 2 | 0.08 | 10.00 |
| History - Other | 0 | 1 | 0 | 0 | 10 | 121 | 121.00 | 0 | 1 | 0.00 | 3.33 |
| Literature - American | 0 | 1 | 0 | 0 | 10 | 143 | 143.00 | 1 | 1 | 0.00 | 6.67 |
| Literature - European | 0 | 1 | 0 | 0 | 10 | 140 | 140.00 | 1 | 1 | -0.07 | 3.33 |
| Mythology | 0 | 1 | 0 | 0 | 10 | 126 | 126.00 | 0 | 1 | 0.53 | 3.33 |
| Current Events | 0 | 1 | 0 | 0 | 10 | 106 | 106.00 | 0 | 1 | 11.03 | 16.67 |
| Fine Arts - Classical Music | 0 | 1 | 0 | 0 | 10 | 125 | 125.00 | 0 | 1 | 0.00 | 3.33 |
| Fine Arts - Other | 0 | 1 | 0 | 0 | 10 | 101 | 101.00 | 0 | 1 | 2.46 | 3.33 |
| Fine Arts - Painting and Sculpture | 0 | 1 | 0 | 0 | 10 | 118 | 118.00 | 0 | 1 | 1.26 | 6.67 |
| Geography | 0 | 1 | 0 | 0 | 10 | 98 | 98.00 | 0 | 1 | 13.70 | 33.33 |
| Pop Culture | 0 | 1 | 0 | 0 | 10 | 46 | 46.00 | 1 | 1 | 22.22 | 33.33 |
| Science - Chemistry | 0 | 1 | 0 | 0 | 10 | 129 | 129.00 | 0 | 1 | 0.15 | 3.33 |
| Science - Other | 0 | 1 | 0 | 1 | 10 | 119 | 119.00 | 0 | 1 | 0.00 | 3.33 |
| Literature - World | 0 | 1 | 1 | 0 | 5 | 124 | 124.00 | 1 | 1 | 1.39 | 6.67 |
| Social Science | 0 | 1 | 1 | 0 | 5 | 99 | 99.00 | 0 | 1 | 2.72 | 6.67 |
| Science - Biology | 0 | 0 | 0 | 0 | 0 | 0.00 | 0 | 0 | 0.00 | 0.00 | |
| Science - Physics | 0 | 0 | 0 | 0 | 0 | 0.00 | 0 | 0 | 0.00 | 0.00 | |
| Literature - British | 0 | 0 | 0 | 0 | 0 | 0.00 | 0 | 0 | 0.00 | 0.00 |